| 000 | 004680000a22001930004500 | ||
|---|---|---|---|
| 001 | 002059 | ||
| 003 | MACL | ||
| 005 | 20151016170842.0 | ||
| 008 | 151016b xxu||||| |||| 00| 0 eng d | ||
| 040 |
_aMACL _cMACL |
||
| 041 | _aEnglish | ||
| 082 | _a921/KRI | ||
| 100 |
_aVas, Luis.S.R _915431 |
||
| 245 |
_aThe Mind Of J. Krishnanmurti _cLuis.S.R Vas |
||
| 260 |
_aMumbai _c2001 _bJaico Books, |
||
| 350 | _a85 | ||
| 650 |
_aBiography _915432 |
||
| 942 |
_k921 _cBK _2ddc |
||
| 999 |
_c13975 _d13975 |
||